| 000 | 00439nam a2200157Ia 4500 | ||
|---|---|---|---|
| 003 | GCL | ||
| 008 | 140319s9999 xx 000 0 eng d | ||
| 040 |
_aGCL / _cGCL |
||
| 082 | 0 | 4 |
_a071.962 _bD L |
| 100 | 1 | _aDOUGLAS, ALLAN | |
| 245 | 1 | 0 |
_aL'IDOLOGIE PAR LA BONDEHEROS POLITIQUES DE FRANCE ET D'EGYPTE / _cDOUGLAS, ALLAN |
| 260 |
_a[S.N] : _bCEDEJ ، _c1987 |
||
| 650 | 0 | 4 | _aJOURNALISM AND NEWSPAPERS |
| 650 | 0 | 4 | _aEGYPT |
| 942 |
_2ddc _cBK |
||
| 999 |
_c13621 _d13621 |
||